| 000 | 00408nam a2200145Ia 4500 | ||
|---|---|---|---|
| 008 | 230917s9999||||xx |||||||||||||| ||und|| | ||
| 040 |
_e56683 _aMAIN |
||
| 041 | _aEnglish | ||
| 082 | _a301.412 R149W | ||
| 100 | _aRamu, G N | ||
| 245 | 0 | _awomen, work and marriage in urban India: a study of dual and single earner couples | |
| 260 |
_aNew Delhi _bSage Publications _c1989 |
||
| 300 | _a206 p. | ||
| 942 | _cBK | ||
| 999 |
_c77838 _d77838 |
||